| 000 | 00738nam a2200241 i 4500 | ||
|---|---|---|---|
| 001 | 139836 | ||
| 003 | ES-MaACL | ||
| 005 | 20230906195924.0 | ||
| 007 | t| | ||
| 008 | 070214s1913 fr r ||||1| fre d | ||
| 100 | 1 |
_aSchnitzler, Arthur. _9104593 |
|
| 245 | 1 | 0 |
_aAnatole _b; suivi de La compagne / _cArthur Schnitzler ; traductions de Maurice Rémon, Maurice Vaucaire. |
| 250 | _a2e ed. | ||
| 260 |
_aParis : _bStock, _c1913. |
||
| 300 |
_a275 p. ; _c19 cm. |
||
| 490 | 1 |
_aBibliothéque cosmopolite ; _v70 |
|
| 700 | 0 |
_aRémon, Maurice. _996143 |
|
| 700 | 1 |
_aVaucaire, Maurice. _9113305 |
|
| 740 | 3 | 2 | _aLa compagne. |
| 830 | 0 |
_aBibliothéque cosmopolite ; _v70 _9181494 |
|
| 852 |
_aES-MaACL _jA-2232 |
||
| 999 |
_c139836 _d139836 |
||